| 000 | 00815ntm a22002297a 4500 | ||
|---|---|---|---|
| 005 | 20170814133113.0 | ||
| 008 | 170802s2010 xx a frb 000 0 eng d | ||
| 040 |
_aEG-ScBUE _beng _cEG-ScBUE |
||
| 082 | 0 | 4 |
_222 _a650 _bMOH |
| 100 | 1 | _aMohamed, Heba Hany. | |
| 245 | 1 | 4 |
_aThe paradox of islamic finance principles and practice : _bfocus on asset financing instrument murabaha / _cHeba Hany Mohmed. |
| 260 | _c2010. | ||
| 300 |
_a50 p. : _bill. ; _c28 cm. |
||
| 500 | _aA dissertation submitted in fulfillment of the requirements for the award of B.A in business administration, finance specialisation | ||
| 590 | _aRAHMA KHALED | ||
| 650 | 7 |
_2BUEsh _aBusiness administration _vProjects |
|
| 653 |
_bBUSADM _cAugust2017 |
||
| 655 | _vSPRO | ||
| 700 | 1 |
_aHashem, Mohamed, _eths. |
|
| 777 | _ASPRO | ||
| 942 | _2ddc | ||
| 999 |
_c25400 _d25372 |
||